00522nam a2200193 a 4500001001300000003000900013005001700022008004100039020002300080082001800103100001900121245003800140260004400178300000900222500003500231505003100266650001200297700001900309nice12345678IN_TiNIC20260116014711.0120109s2012 lona grp 000 0 eng  a9780198079811c69500a294.5921bRAO aRao, Srinivasa aAdvaitab A Contemporary Critique aLondan bOxford University Press c2012 a238p aincludes index and biblioraphy2 aSelect Bibliography, Index aAdvaita1 aRao, Srinivasa